| 000 | 00743aab a2200301a 44500 | ||
|---|---|---|---|
| 008 | 960521s1930 cat | ||
| 041 | _acat | ||
| 080 | _a398.33(460.23):264-04 | ||
| 100 |
_aGriera, A. _964694 |
||
| 245 | _aLitúrgia popular | ||
| 245 | _cA. Griera | ||
| 260 | _c1930 | ||
| 300 | _ap. 1-98 | ||
| 520 | _aaprox. 200 | ||
| 546 | _acatalà | ||
| 592 | _aObra terminològica | ||
| 593 | _aOS | ||
| 593 | _aQK | ||
| 650 |
_acostums i tradicions _961439 |
||
| 650 |
_afolklore _963430 |
||
| 773 | _gVol. [18](<1930>) | ||
| 773 | _tButlletí de dialectologia catalana | ||
| 901 | _c(<1930>) | ||
| 902 | _a960521 | ||
| 942 |
_cAS _n0 |
||
| 999 |
_c55402 _d55402 |
||